| 000 | 00490pab a2200181 454500 | ||
|---|---|---|---|
| 008 | 180718b2015 xxu||||| |||| 00| 0 eng d | ||
| 100 | _aNigam, Ranjeet Kumar | ||
| 245 | _aDecipherment of obliterated handwriting by hyperspectral image spectrometry | ||
| 260 | _c2015 | ||
| 300 | _ap.185-191. | ||
| 362 | _aOct-Dec | ||
| 650 | _aSpectrometers | ||
| 650 | _aHandwriting | ||
| 650 | _aDeciphering | ||
| 700 | _aMishra, Priyanka | ||
| 773 | _aIndian Police Journal | ||
| 909 | _a113050 | ||
| 999 |
_c113045 _d113045 |
||